Statistics for BIOL132 MAMMALS

Click here to take the quiz!

General Stats

  • This quiz has been taken 4 times
    (1 since last reset)
  • The average score is 9 of 11

Answer Stats

questionsanswer% Correct
how many native species of mammals are there in the uk ?66
100%
Afrotheria one of the first mammal lineages, originated in ...... supported by genetics, massive size + shape diversityafrica
100%
Some bats, some cetaceans and some shrews have ............echolocation
100%
Humans, naked mole rats, and meerkats have all been argued to show what kind of trait in common?Eusociality
100%
Extant mammals are relatively more reliant on which two senses compared to other invertebrates?hearing and olfaction
100%
the .... .... model suggests that mammal lineages originated before the dinosaurslong fuse
100%
one of the three major mammal lineages, includes kangaroos and koalas, etcMarsupials
100%
only mammals have .... ductsmilk
100%
the most species rich lineage across all mammals is ......rodents
100%
one of the three major mammal lineages, includes 90% of mammals (placenta)Eutherian
0%
one of the three major mammal lineages, includes egg laying mammals such as the platypus and echidnaMonotremes
0%

Score Distribution

Percentile by Number Answered

Percent of People with Each Score

Your Score History

You have not taken this quiz since the last reset